000 00762nam a22002297a 4500
003 UA-OsUOA
001 46406
007 ta
008 20120220b un ||||| |||| 00| 0 ukr d
100 _aМарков Борис
090 _a811.163.3
_bМ26
942 _cBR
040 _aUA-OsUOA
_bchu
_cUA-OsUOA
_dUA-OsUOA
245 _aГлавни карастеристики на современиот македонски jазик
300 _a14 с.
955 _a1
041 _achu
080 _a811.163.3
650 7 _a8 Мовознавство. Художня література. Літературознавство
_2UDC
999 _c426503
_d426503